Sports Quiz

Random Sports or Baseball Quiz

MLB Most Home Runs by Ballpark Quiz Stats

Quiz Updated Oct 16, 2017

Challenge
Share
Tweet
Embed
Score 0/89 Timer 20:00
1 Play Today
Ballpark Player % Correct
AT&T ParkBarry Bonds
89.2%
Busch Stadium (new)Albert Pujols
79.2%
KingdomeKen Griffey Jr.
73.9%
Yankee StadiumMickey Mantle
72.9%
Fenway ParkTed Williams
72.4%
Wrigley FieldSammy Sosa
72.1%
Turner FieldChipper Jones
72%
O.co ColiseumMark McGwire
70.9%
Seals StadiumWillie Mays
70.3%
Miller ParkRyan Braun
69.6%
AstrodomeJeff Bagwell
68.4%
Jacobs Field/Progressive FieldJim Thome
67.4%
Petco ParkAdrian Gonzalez
67%
Chase FieldLuis Gonzalez
67%
Coors FieldTodd Helton
67%
U.S. Cellular FieldFrank Thomas
66.4%
Citizens Bank ParkRyan Howard
66.1%
Robert F. Kennedy Memorial StadiumFrank Howard
65.5%
Crosley FieldFrank Robinson
55.9%
Veterans StadiumMike Schmidt
55.6%
Sportsman's ParkStan Musial
54.8%
Stade OlympiqueVladimir Guerrero
54.2%
Metropolitan StadiumHarmon Killebrew
53.7%
Target FieldBrian Dozier
53%
Marlins ParkGiancarlo Stanton
51.7%
Kauffman StadiumGeorge Brett
50.4%
Candlestick ParkWillie McCovey
49.8%
Great American Ball ParkJoey Votto
48.7%
Camden YardsAdam Jones
48.6%
Yankee Stadium (New)Mark Teixeira
48.3%
Ballpark Player % Correct
Citi FieldLucas Duda
47.6%
Roosevelt StadiumEddie Mathews/Duke Snider
46.8%
Rangers BallparkRafael Palmeiro
46.7%
Minute Maid ParkLance Berkman
46.3%
Nationals ParkRyan Zimmerman
45.7%
Polo GroundsMel Ott
45.3%
Three Rivers StadiumWillie Stargell
45%
Shibe ParkJimmie Foxx
44.6%
Tiger StadiumAl Kaline
42.4%
Ebbets FieldDuke Snider
41.8%
Los Angeles Memorial ColiseumDuke Snider/Charlie Neal
41.8%
Riverfront Stadium/Cinergy FieldJohnny Bench
41.5%
Atlanta-Fulton County StadiumDale Murphy
40.2%
Shea StadiumDarryl Strawberry
39.7%
Rogers CentreCarlos Delgado
39%
Memorial StadiumEddie Murray
37.4%
South End Grounds (Boston)Herman Long
37.4%
Comerica ParkMiguel Cabrera
37.2%
Milwaukee County StadiumEddie Mathews
36.4%
PNC ParkAndrew McCutchen
34.5%
Angel StadiumTim Salmon
34%
MetrodomeKent Hrbek
31.2%
Forbes FieldRalph Kiner
28.5%
Mile High StadiumAndres Galarraga
27.6%
Wrigley Field (Los Angeles)Leon Wagner
25.8%
Columbia ParkHarry Davis
25.7%
Tropicana FieldEvan Longoria
25.6%
Bennett Park (Detroit)Sam Crawford
21.7%
Comiskey ParkCarlton Fisk
19.5%
Sun Life StadiumDan Uggla
13.7%
Ballpark Player % Correct
Baker BowlChuck Klein
12.7%
Safeco FieldRaul Ibanez
11.7%
Dodger StadiumEric Karros
11.6%
Exhibition StadiumJesse Barfield
10.2%
Arlington StadiumRuben Sierra
9.3%
Qualcomm StadiumNate Colbert
8.5%
Philadelphia Baseball GroundsSam Thompson
8.3%
Busch StadiumRay Lankford
8.2%
Kansas City Municipal StadiumHector Lopez
5.7%
League Park (Cleveland)Earl Averill
5.6%
Cleveland StadiumAndre Thornton
4.8%
Eclipse Park (Louisville)Fred Clarke
4.5%
Griffith StadiumRoy Sievers
3.4%
Braves Field (Boston)Wally Berger
2.7%
Recreation Park (Detroit)Dan Brouthers
2.4%
Jarry ParkRon Fairly
2%
Sick’s StadiumDon Mincher
2%
Washington Park (Brooklyn)Tim Jordan/Jimmy Sheckard
1.7%
Hilltop Park (New York)Hal Chase
1.6%
Huntington Avenue Grounds (Boston)Buck Freeman
1.5%
Robison Field (St. Louis)Jesse Burkett
1.4%
Lakefront Park (Chicago)Ned Williamson
1.3%
Colt StadiumBob Aspromonte
1.3%
Exposition Park (Pittsburgh)Jake Beckley
1.1%
West Side Grounds (Chicago)Frank Schulte
0.8%
Jefferson Street Ground (Philadelphia)Harry Stovey
0.6%
Boundary Field (Washington)Bill Joyce
0.6%
League Park (Cincinnati)John Reilly
0.6%
West Side Park (Chicago)Fred Pfeffer
0.3%

You're not logged in!

Compare scores with friends on all Sporcle quizzes.
Sign Up with Email
OR
Log In

You Might Also Like...

Show Comments

Extras

Top Quizzes Today


Score Distribution

Your Account Isn't Verified!

In order to create a playlist on Sporcle, you need to verify the email address you used during registration. Go to your Sporcle Settings to finish the process.

Report this User

Report this user for behavior that violates our Community Guidelines.

Details: